Libertad y gobierno : (Registro nro. 4899)
[ vista simple ]
| 000 -LEADER | |
|---|---|
| fixed length control field | 01165nam a2200277Ia 4500 |
| 003 - CONTROL NUMBER IDENTIFIER | |
| control field | OSt |
| 005 - DATE AND TIME OF LATEST TRANSACTION | |
| control field | 20200415215301.0 |
| 008 - FIXED-LENGTH DATA ELEMENTS--GENERAL INFORMATION | |
| fixed length control field | 191128s1958 ag gr 001 0 spa d |
| 040 ## - CATALOGING SOURCE | |
| Original cataloging agency | CO-JMCR |
| Transcribing agency | CO-JMCR |
| 041 1# - LANGUAGE CODE | |
| Language code of text/sound track or separate title | spa |
| Language code of original | eng |
| 082 04 - DEWEY DECIMAL CLASSIFICATION NUMBER | |
| Classification number | 323.4 / |
| Item number | C678l |
| Edition number | 23 |
| 100 1# - MAIN ENTRY--PERSONAL NAME | |
| Personal name | Corwin, Edward S., |
| Relator term | autor |
| 9 (RLIN) | 3109 |
| 245 #0 - TITLE STATEMENT | |
| Title | Libertad y gobierno : |
| Remainder of title | el origen, florecimiento y declinación de un famoso concepto jurídico / |
| Statement of responsibility, etc. | Edward S. Corwin ; traducción Wefley de Benedetti |
| 260 ## - PUBLICATION, DISTRIBUTION, ETC. | |
| Place of publication, distribution, etc. | Buenod Aires : |
| Name of publisher, distributor, etc. | Bibliográfica Argentina, |
| Date of publication, distribution, etc. | 1958 |
| 300 ## - PHYSICAL DESCRIPTION | |
| Extent | 215 páginas ; |
| Dimensions | 22 cm. |
| 490 0# - SERIES STATEMENT | |
| Series statement | Ciencias políticas y sociales |
| 500 ## - GENERAL NOTE | |
| General note | Incluye índice analítico. |
| 505 0# - FORMATTED CONTENTS NOTE | |
| Formatted contents note | La libertad como un concepto jurídico -- Orígenes romano e inglés -- Libertad de la propiedad antes de la guerra civil -- La libertad bajo la décimocuarta enmienda -- Resumen y crítica |
| 534 ## - ORIGINAL VERSION NOTE | |
| Introductory phrase | Liberty against government |
| 546 ## - LANGUAGE NOTE | |
| Language note | Traducción del inglés |
| 650 14 - SUBJECT ADDED ENTRY--TOPICAL TERM | |
| Topical term or geographic name entry element | Derechos fundamentales |
| 9 (RLIN) | 2665 |
| 650 14 - SUBJECT ADDED ENTRY--TOPICAL TERM | |
| Topical term or geographic name entry element | Derechos civiles |
| General subdivision | libertad |
| 9 (RLIN) | 3113 |
| 650 14 - SUBJECT ADDED ENTRY--TOPICAL TERM | |
| Topical term or geographic name entry element | Ciencias políticas |
| 9 (RLIN) | 3114 |
| 700 1# - ADDED ENTRY--PERSONAL NAME | |
| Personal name | Benedetti, Wefley de, |
| Relator term | traductor |
| 9 (RLIN) | 3112 |
| 942 ## - ADDED ENTRY ELEMENTS (KOHA) | |
| Source of classification or shelving scheme | Dewey Decimal Classification |
| Koha item type | Books |
| Withdrawn status | Lost status | Source of classification or shelving scheme | Damaged status | Not for loan | Collection code | Home library | Current library | Date acquired | Source of acquisition | Cost, normal purchase price | Total Checkouts | Full call number | Barcode | Date last seen | Copy number | Koha item type |
|---|---|---|---|---|---|---|---|---|---|---|---|---|---|---|---|---|
| Dewey Decimal Classification | Non-fiction | Biblioteca Pública José María del Castillo y Rada | Biblioteca Pública José María del Castillo y Rada | 04/15/2018 | Donación | 0.00 | 323.4 / C678l | 430001537 | 05/16/2024 | Ej.1 | Books |